| 000 | 00781nam a2200265Ia 4500 | ||
|---|---|---|---|
| 001 | Para_5227 | ||
| 003 | CHAP | ||
| 008 | 220125s1919 xx 000 0 und d | ||
| 010 | _a203601 | ||
| 040 | _cCHAP | ||
| 090 | _aPA FOLLETO 2568 | ||
| 100 |
_aReid, Edwy B _995738 |
||
| 245 |
_aFarmers' bulletins nos. 876-900 : _b with contents and index / _c Edwy B. Reid |
||
| 260 |
_aWashington : _b Department of Agriculture |
||
| 300 | _a17 p. | ||
| 440 |
_aEUA. Dept. of Agriculture. Farmers'bull.; 876-900 _9169482 |
||
| 650 |
_aAgricultura y ganaderĂa _x BibliografĂa _92076 |
||
| 901 | _aPA FOLLETO 2568 | ||
| 902 | _aA | ||
| 905 | _a0000001919 WAS 0000000000 00 | ||
| 910 | _a1919 | ||
| 942 | _cPARA | ||
| 942 |
_cPARA _d1 |
||
| 999 |
_c203601 _d203601 |
||